000 aam a22 a 4500
999 _c324185
_d324185
003 BLK
005 20210610105821.0
008 181011b bu ||||| |||| 00| 0 bu d
020 _a978-619-212-014-6
040 _aBLK
041 _aBUL
_cBUL
080 _aБългарска литература
_b821.163.2
_x-2
_z821.163.2-2
100 _aВасилев, Сава Йорданов
_eпърви автор
_91299
139 _aВасилев, Сава Йорданов
_bВ 24
245 _aКапан за дребни хищници и други човешки животни
_bЧетири пиеси
_cСава Василев
257 _aBGR
260 _bСлово
_c2017
_aВ. Търново
300 _a143 с.
_c20 см
380 _aX
500 _aБиогр. данни за авт.
852 _aЦб 289688
_bЦб
942 _cKNG
_2udc
_n0
_s1
999 _d324185